<?xml version="1.0" encoding="UTF-8"?>
<record
    xmlns:xsi="http://www.w3.org/2001/XMLSchema-instance"
    xsi:schemaLocation="http://www.loc.gov/MARC21/slim http://www.loc.gov/standards/marcxml/schema/MARC21slim.xsd"
    xmlns="http://www.loc.gov/MARC21/slim">

  <leader>01140nam a22002177a 4500</leader>
  <controlfield tag="003">OSt</controlfield>
  <controlfield tag="005">20211110120004.0</controlfield>
  <controlfield tag="008">151030b        xxu||||| |||| 00| 0 eng d</controlfield>
  <datafield tag="020" ind1=" " ind2=" ">
    <subfield code="a">0471891789</subfield>
  </datafield>
  <datafield tag="040" ind1=" " ind2=" ">
    <subfield code="c">LC</subfield>
  </datafield>
  <datafield tag="050" ind1=" " ind2=" ">
    <subfield code="a">RC266.H36</subfield>
  </datafield>
  <datafield tag="245" ind1=" " ind2=" ">
    <subfield code="a">Handbook of oncology nursing. /</subfield>
    <subfield code="c">edited by Bonny Libbey Johnson and Jody Gross</subfield>
  </datafield>
  <datafield tag="260" ind1=" " ind2=" ">
    <subfield code="a">New York:</subfield>
    <subfield code="b">Wiley,</subfield>
    <subfield code="c">1985.</subfield>
  </datafield>
  <datafield tag="300" ind1=" " ind2=" ">
    <subfield code="a">1 vol.;</subfield>
    <subfield code="b">ill. ;</subfield>
  </datafield>
  <datafield tag="490" ind1=" " ind2=" ">
    <subfield code="a">A Wiley medical publication</subfield>
  </datafield>
  <datafield tag="505" ind1=" " ind2=" ">
    <subfield code="a">Contents: 1. Introduction to principles of cancer care: The behavior of malignancies -- Cancer treatment -- Principles of clinical research -- 2. Common clinical problems: Prevention and early detection -- Information -- Coping -- Comfort -- Nutrition -- Protective mechanisms -- Mobility -- Elimination -- Sexuality -- Oxygenation and ventilation -- 3. Oncologic emergencies: Obstructive emergencies -- Metabolic emergencies -- Infiltrative emergencies -- 4. Care of the patient receiving special therapy: Parental chemotherapy -- Radiation therapy implants --  </subfield>
  </datafield>
  <datafield tag="653" ind1=" " ind2=" ">
    <subfield code="a">Oncologic nursing</subfield>
  </datafield>
  <datafield tag="700" ind1=" " ind2=" ">
    <subfield code="q">Johnson, Bonny Libbey</subfield>
  </datafield>
  <datafield tag="700" ind1=" " ind2=" ">
    <subfield code="q">Gross, Jody</subfield>
  </datafield>
  <datafield tag="942" ind1=" " ind2=" ">
    <subfield code="2">lcc</subfield>
    <subfield code="c">BK</subfield>
  </datafield>
  <datafield tag="999" ind1=" " ind2=" ">
    <subfield code="c">7953</subfield>
    <subfield code="d">15453</subfield>
  </datafield>
  <datafield tag="952" ind1=" " ind2=" ">
    <subfield code="0">0</subfield>
    <subfield code="1">0</subfield>
    <subfield code="2">lcc</subfield>
    <subfield code="4">0</subfield>
    <subfield code="7">0</subfield>
    <subfield code="a">WIUC-KL</subfield>
    <subfield code="b">WIUC-KL</subfield>
    <subfield code="c">NURS L.</subfield>
    <subfield code="d">2019-08-08</subfield>
    <subfield code="l">0</subfield>
    <subfield code="o">RC266.H36</subfield>
    <subfield code="p">KSN/460/19</subfield>
    <subfield code="r">2021-11-10 00:00:00</subfield>
    <subfield code="w">2021-11-10</subfield>
    <subfield code="y">BK</subfield>
  </datafield>
</record>
